[Event "17th Asian-ch"]
[Site "Xingtai CHN"]
[Date "2019.06.08"]
[Round "2.14"]
[White "Adhiban, Baskaran"]
[Black "Bilguun, Sumiya"]
[Result "1/2-1/2"]
[WhiteElo "2676"]
[BlackElo "2478"]
[EventDate "2019.06.07"]
[PlyCount "135"]

1.e4 c5 2.Nf3 Nc6 3.d4 cxd4 4.Nxd4 g6 5.c4 Bg7 6.Be3 Nf6 7.Nc3 d6 8.Be2 
O-O 9.O-O Bd7 10.h3 Nxd4 11.Bxd4 Bc6 12.Qc2 Nd7 13.Bxg7 Kxg7 14.Rad1 a5 
15.Bg4 Nc5 16.e5 h5 17.Be2 Ne6 18.Rfe1 a4 19.Bf1 Ra5 20.exd6 exd6 21.Nb5 
Bxb5 22.Qc3+ Kh7 23.cxb5 Ra8 24.Qg3 d5 25.Qf3 Qc7 26.Rxd5 Rad8 27.Rde5 Kg7
28.Qa3 Rd4 29.Qc3 Qxc3 30.bxc3 Rd6 31.Bc4 Rc8 32.Bxe6 Rxe6 33.Rxe6 fxe6 
34.Re4 Rxc3 35.Rxa4 Rc1+ 36.Kh2 Rb1 37.Ra5 b6 38.Ra7+ Kf6 39.a4 h4 40.Ra6 
Ra1 41.Rxb6 Rxa4 42.Rb8 Rb4 43.b6 Rb2 44.b7 Kg7 45.f4 Rb3 46.Kg1 Rb4 47.
Kh1 Rb1+ 48.Kh2 Rb3 49.Kg1 Rb4 50.Kf2 Rxf4+ 51.Ke3 Rb4 52.Kd3 e5 53.Kc3 
Rb1 54.Kc4 e4 55.Kd4 e3 56.Kxe3 Rb4 57.Kf3 Kh7 58.Ke3 Kg7 59.Kd3 Kh7 60.
Kc3 Rb1 61.Kd4 Kg7 62.Ke5 Rb2 63.Ke6 Re2+ 64.Kd5 Rd2+ 65.Ke4 Re2+ 66.Kf4 
Rf2+ 67.Ke4 Re2+ 68.Kf4 1/2-1/2

[Event "17th Asian-ch"]
[Site "Xingtai CHN"]
[Date "2019.06.08"]
[Round "2.15"]
[White "Lu Shanglei"]
[Black "Garcia, Jan Emmanuel"]
[Result "1-0"]
[WhiteElo "2624"]
[BlackElo "2413"]
[EventDate "2019.06.07"]
[PlyCount "73"]

1.e4 e5 2.Nf3 Nc6 3.Bc4 Bc5 4.c3 Nf6 5.d3 a6 6.O-O d6 7.Nbd2 O-O 8.h3 Ba7 
9.Bb3 Be6 10.Re1 Bxb3 11.Qxb3 Qd7 12.Nf1 h6 13.Be3 Bxe3 14.Nxe3 Rfe8 15.a4
b6 16.Rad1 a5 17.Nh2 Rad8 18.Nhg4 Nxg4 19.hxg4 Ne7 20.d4 Qc6 21.f3 d5 22.
dxe5 dxe4 23.f4 Rd3 24.Rxd3 exd3 25.Qb5 f6 26.Qxd3 fxe5 27.fxe5 Qxa4 28.e6
Qf4 29.Nf5 Nxf5 30.gxf5 Qh4 31.Rd1 Re7 32.Qe3 Qg4 33.Qf3 Qxf3 34.Rd8+ Kh7 
35.gxf3 a4 36.Kf2 b5 37.f6 1-0

[Event "17th Asian-ch"]
[Site "Xingtai CHN"]
[Date "2019.06.08"]
[Round "2.16"]
[White "Aravindh, Chithambaram"]
[Black "Zhao Yuanhe"]
[Result "1-0"]
[WhiteElo "2598"]
[BlackElo "2444"]
[EventDate "2019.06.07"]
[PlyCount "73"]

1.d4 d5 2.c4 c6 3.Nf3 Nf6 4.Qb3 dxc4 5.Qxc4 g6 6.g3 Bg7 7.Bg2 O-O 8.O-O 
Be6 9.Qa4 Na6 10.Nc3 Nd5 11.Rd1 Rc8 12.e4 Nxc3 13.bxc3 c5 14.Rb1 cxd4 15.
cxd4 Rc4 16.Qb5 Rc2 17.d5 Nc5 18.Nd4 Bd7 19.Qb4 a5 20.Qa3 Rc4 21.Bb2 b6 
22.Qe3 Na4 23.Nc6 Bxc6 24.Bxg7 Kxg7 25.dxc6 Qc7 26.Bf1 Rb4 27.Rxb4 axb4 
28.Qd4+ e5 29.Qxb4 Nc5 30.Bb5 Rd8 31.Rd5 Ne6 32.Qc3 f6 33.a4 h5 34.h4 Kh7 
35.Qc4 Rd6 36.Rxd6 Qxd6 37.Qd5 1-0

[Event "17th Asian-ch"]
[Site "Xingtai CHN"]
[Date "2019.06.08"]
[Round "2.17"]
[White "Akash, Ganesan"]
[Black "Idani, Pouya"]
[Result "1-0"]
[WhiteElo "2404"]
[BlackElo "2597"]
[EventDate "2019.06.07"]
[PlyCount "81"]

1.e4 c5 2.Nf3 d6 3.d4 cxd4 4.Nxd4 Nf6 5.Nc3 a6 6.Be3 e5 7.Nb3 Be6 8.f3 h5 
9.Nd5 Bxd5 10.exd5 Nbd7 11.Qd2 g6 12.Be2 Bg7 13.O-O b6 14.c4 O-O 15.Rac1 
Rb8 16.Na1 a5 17.Nc2 Nc5 18.Na3 Qd7 19.Nb5 Rfe8 20.Rb1 h4 21.Bd1 Rbc8 22.
a3 e4 23.Nc3 exf3 24.Bxc5 bxc5 25.Ba4 Ne4 26.Nxe4 Qxa4 27.gxf3 Be5 28.b3 
Qxa3 29.Kh1 Rcd8 30.Qh6 Rb8 31.Ng5 Bg7 32.Qh7+ Kf8 33.Nxf7 Kxf7 34.Rg1 Rb7
35.Qxg6+ Kf8 36.Qxd6+ Kg8 37.Qc6 Reb8 38.Qe6+ Kf8 39.Qd6+ Kg8 40.Qe6+ Kf8 
41.Rg5 1-0

[Event "17th Asian-ch"]
[Site "Xingtai CHN"]
[Date "2019.06.08"]
[Round "2.18"]
[White "Zhang Ziji"]
[Black "Yakubboev, Nodirbek"]
[Result "1/2-1/2"]
[WhiteElo "2408"]
[BlackElo "2587"]
[EventDate "2019.06.07"]
[PlyCount "65"]

1.d4 g6 2.e4 Bg7 3.Nc3 d6 4.Bg5 Nf6 5.e5 Nfd7 6.exd6 cxd6 7.Qd2 Nf6 8.Bh6 
O-O 9.h4 e5 10.Bxg7 Kxg7 11.O-O-O Nc6 12.Nge2 Ng4 13.Qe1 Re8 14.d5 Nd4 15.
Ng3 f5 16.f3 Nf6 17.h5 f4 18.h6+ Kf8 19.Nge4 Bf5 20.Bd3 Rc8 21.Kb1 a6 22.
Nxf6 Qxf6 23.Ne4 Qd8 24.Qb4 Bxe4 25.fxe4 a5 26.Qe1 Rc5 27.g3 Kg8 28.gxf4 
exf4 29.Qf2 Qf6 30.e5 dxe5 31.c3 Rc7 32.d6 Qxd6 33.Be4 1/2-1/2

[Event "17th Asian-ch"]
[Site "Xingtai CHN"]
[Date "2019.06.08"]
[Round "2.19"]
[White "Amartuvshin, Ganzorig"]
[Black "Lalith Babu, Musunuri Rohit"]
[Result "0-1"]
[WhiteElo "2394"]
[BlackElo "2571"]
[EventDate "2019.06.07"]
[PlyCount "172"]

1.d4 Nf6 2.c4 e6 3.Nc3 Bb4 4.Nf3 c5 5.g3 Ne4 6.Qd3 cxd4 7.Nxd4 Qa5 8.Nb3 
Qf5 9.Qe3 Nc6 10.Bg2 Nd6 11.c5 Nc4 12.Qd3 Qxd3 13.exd3 N4a5 14.Nxa5 Bxa5 
15.Be3 b6 16.O-O bxc5 17.Ne4 d5 18.Nd6+ Ke7 19.Bxc5 Kf6 20.f4 Bb6 21.Rac1 
Bd7 22.f5 Bxc5+ 23.Rxc5 Ke7 24.Nxf7 Kxf7 25.fxe6+ Kxe6 26.Rxd5 Rad8 27.
Re1+ Kf7 28.Rf1+ Ke7 29.Re1+ Be6 30.Rg5 Kf6 31.h4 Nd4 32.Rf1+ Bf5 33.g4 h6
34.Rgxf5+ Nxf5 35.Rxf5+ Ke6 36.Be4 Rb8 37.Kf2 Rbf8 38.Rxf8 Rxf8+ 39.Ke3 
Rf1 40.Kd2 Ke5 41.h5 Kd4 42.Kc2 a5 43.a4 Rf4 44.Bf5 Ke3 45.Bd7 Kd4 46.Bf5 
Kc5 47.Kc3 Rxa4 48.Be6 Ra1 49.d4+ Kd6 50.d5 a4 51.Kc4 Rb1 52.Kc3 Kc5 53.
Kc2 Rg1 54.Kd2 Rg2+ 55.Kc1 Re2 56.Bf5 Rf2 57.Be6 Rg2 58.Kb1 Re2 59.Bf7 Kb4
60.Kc1 Kc5 61.Kb1 Re3 62.Kc2 Re7 63.Be6 Kd4 64.Kd2 Rb7 65.Kc2 Rb6 66.Kc1 
Ke5 67.Kc2 Ra6 68.Kc3 a3 69.bxa3 Rxa3+ 70.Kc4 Rf3 71.Kb4 Rd3 72.Kc4 Rd1 
73.Kc3 Ke4 74.Kc2 Rd4 75.Kc3 Ke3 76.Kc2 Rd3 77.Bf7 Rd4 78.Be6 Ra4 79.Kb3 
Rd4 80.Kc2 Ke4 81.Kc3 Ke5 82.Kc2 Kd6 83.Kc3 Kc5 84.Kc2 Kb4 85.Kb2 Rd2+ 86.
Kb1 Kc5 0-1

[Event "17th Asian-ch"]
[Site "Xingtai CHN"]
[Date "2019.06.08"]
[Round "2.20"]
[White "Lin Yi"]
[Black "Sengupta, Deep"]
[Result "1/2-1/2"]
[WhiteElo "2396"]
[BlackElo "2559"]
[EventDate "2019.06.07"]
[PlyCount "44"]

1.d4 Nf6 2.c4 e6 3.g3 Bb4+ 4.Bd2 a5 5.Bg2 O-O 6.Nf3 b6 7.O-O Bb7 8.Bf4 Be7
9.Nc3 Ne4 10.Qc2 Nxc3 11.Qxc3 d6 12.Rfe1 Nd7 13.Qd3 Bf6 14.Rad1 Rb8 15.e4 
e5 16.dxe5 Nxe5 17.Nxe5 dxe5 18.Be3 Qxd3 19.Rxd3 Rbd8 20.Red1 Ba6 21.b3 
Rxd3 22.Rxd3 Rd8 1/2-1/2

[Event "17th Asian-ch"]
[Site "Xingtai CHN"]
[Date "2019.06.08"]
[Round "2.21"]
[White "Wan Yunguo"]
[Black "Huang Renjie"]
[Result "1-0"]
[WhiteElo "2531"]
[BlackElo "2327"]
[EventDate "2019.06.07"]
[PlyCount "55"]

1.e4 c5 2.Nf3 Nc6 3.d4 cxd4 4.Nxd4 g6 5.c4 Nf6 6.Nc3 d6 7.f3 Nxd4 8.Qxd4 
Bg7 9.Be3 O-O 10.Qd2 a5 11.b3 Be6 12.Rc1 Nd7 13.Be2 Nb6 14.h4 a4 15.h5 
axb3 16.axb3 Nd7 17.Bh6 Nf6 18.g4 Qb6 19.Bxg7 Kxg7 20.hxg6 fxg6 21.Qh6+ 
Kf7 22.g5 Nh5 23.Qxh7+ Ng7 24.Rh6 Qg1+ 25.Kd2 Qd4+ 26.Kc2 Ke8 27.Rxg6 Kf7 
28.Rxg7+ 1-0

[Event "17th Asian-ch"]
[Site "Xingtai CHN"]
[Date "2019.06.08"]
[Round "2.23"]
[White "Chanda, Sandipan"]
[Black "Hasan Parag, Mehdi"]
[Result "1-0"]
[WhiteElo "2511"]
[BlackElo "2204"]
[EventDate "2019.06.07"]
[PlyCount "77"]

1.c4 Nf6 2.Nf3 e6 3.g3 d5 4.Bg2 Be7 5.d4 O-O 6.O-O dxc4 7.Qc2 b6 8.Bg5 Nd5
9.Bxe7 Qxe7 10.e4 Nb4 11.Qc3 c5 12.a3 N4c6 13.d5 Na5 14.Nbd2 Bb7 15.Ne5 
Rd8 16.Ndxc4 Nxc4 17.Nxc4 Ba6 18.Rfd1 Bxc4 19.Qxc4 exd5 20.exd5 Qd6 21.Qa4
a5 22.Re1 Nd7 23.Re3 Nf6 24.Rae1 Re8 25.Qb5 Rxe3 26.Rxe3 Kf8 27.Qc6 Rd8 
28.Bf3 g6 29.Rb3 Qe7 30.Re3 Qd6 31.Kf1 h5 32.Rb3 Qe7 33.Rxb6 Ne4 34.Bxe4 
Qxe4 35.d6 Qd4 36.h4 Kg7 37.b3 g5 38.d7 Rxd7 39.Qh6+ 1-0

[Event "17th Asian-ch"]
[Site "Xingtai CHN"]
[Date "2019.06.08"]
[Round "2.24"]
[White "Karthik, Venkataraman"]
[Black "Xu Minghui"]
[Result "1-0"]
[WhiteElo "2499"]
[BlackElo "2368"]
[EventDate "2019.06.07"]
[PlyCount "49"]

1.d4 d5 2.c4 e6 3.Nf3 Nf6 4.Nc3 a6 5.cxd5 exd5 6.Bg5 Be6 7.e3 Nbd7 8.Bd3 
Bd6 9.Qc2 c6 10.O-O-O Qc7 11.Kb1 O-O-O 12.Na4 h6 13.Bh4 Bg4 14.Rc1 Bxf3 
15.gxf3 g5 16.Bg3 Kb8 17.e4 Bf4 18.Qb3 Ka7 19.exd5 Bxg3 20.hxg3 Nb8 21.Be4
Nxe4 22.fxe4 Qe7 23.Rhe1 Rd6 24.dxc6 Nxc6 25.d5 1-0

[Event "17th Asian-ch"]
[Site "Xingtai CHN"]
[Date "2019.06.08"]
[Round "2.25"]
[White "Srijit, Paul"]
[Black "Ma Zhonghan"]
[Result "0-1"]
[WhiteElo "2361"]
[BlackElo "2488"]
[EventDate "2019.06.07"]
[PlyCount "116"]

1.e4 e5 2.Nf3 Nc6 3.Bc4 Bc5 4.c3 Nf6 5.d3 d6 6.Bb3 a6 7.h3 Ba7 8.Qe2 h6 9.
Nbd2 Be6 10.Ba4 b5 11.Bc2 O-O 12.Nf1 d5 13.N3h2 d4 14.Ng4 dxc3 15.bxc3 b4 
16.Ba4 Bd7 17.Bxc6 Bxc6 18.Nxe5 Qe8 19.Nxc6 Qxc6 20.c4 Bd4 21.Bb2 Bxb2 22.
Qxb2 Nd7 23.Ne3 Nc5 24.Rd1 a5 25.Nd5 Rfe8 26.O-O Qb7 27.Qe2 c6 28.Ne3 Rad8
29.Nf5 Kh7 30.Qe3 Qb6 31.e5 Na4 32.d4 Nc3 33.Rd2 Qa6 34.Qd3 g6 35.Nd6 Re7 
36.f4 c5 37.dxc5 Qc6 38.Qe3 Na4 39.Rfd1 Qxc5 40.Qxc5 Nxc5 41.Rd5 Rc7 42.
Ne4 Rdc8 43.Nf6+ Kg7 44.Rd8 Ne6 45.Ne8+ Kf8 46.Rxc8 Rxc8 47.Nd6 Rb8 48.g3 
a4 49.Nb5 Rc8 50.Rc1 Nc5 51.Rb1 b3 52.Nc3 Rd8 53.axb3 axb3 54.Nd5 Rb8 55.
Nc3 Rb4 56.Kf2 Rxc4 57.Nd1 Ne4+ 58.Ke3 Nxg3 0-1

[Event "17th Asian-ch"]
[Site "Xingtai CHN"]
[Date "2019.06.08"]
[Round "2.26"]
[White "Zhao Chenxi"]
[Black "Vaibhav, Suri"]
[Result "1/2-1/2"]
[WhiteElo "2383"]
[BlackElo "2599"]
[EventDate "2019.06.07"]
[PlyCount "82"]

1.e4 e6 2.d4 d5 3.Nd2 c5 4.exd5 Qxd5 5.Ngf3 cxd4 6.Bc4 Qd8 7.O-O Nc6 8.Nb3
a6 9.Nbxd4 Nxd4 10.Qxd4 Qxd4 11.Nxd4 Bd7 12.c3 O-O-O 13.Bf4 Bc5 14.Rad1 
Ne7 15.Nb3 Bb6 16.Bd6 Rhe8 17.Rfe1 Bc6 18.Bc5 Bxc5 19.Nxc5 Nf5 20.Be2 a5 
21.Rxd8+ Rxd8 22.Rd1 Nd6 23.Nb3 a4 24.Nd4 Bd5 25.Nb5 Nxb5 26.Bxb5 a3 27.
bxa3 Bxa2 28.Rxd8+ Kxd8 29.f4 Kc7 30.Kf2 Kd6 31.Ke3 Kc5 32.Bd3 h6 33.g3 
Bc4 34.Bc2 Bf1 35.Bb3 Bh3 36.Kd3 g5 37.Ke4 f6 38.Ke3 b6 39.Ba2 Kb5 40.Bb3 
Kc5 41.Ba2 b5 1/2-1/2

[Event "17th Asian-ch"]
[Site "Xingtai CHN"]
[Date "2019.06.08"]
[Round "2.27"]
[White "Zeng Chongsheng"]
[Black "Kojima, Shinya"]
[Result "1-0"]
[WhiteElo "2561"]
[BlackElo "2400"]
[EventDate "2019.06.07"]
[PlyCount "89"]

1.e4 e5 2.Nf3 Nc6 3.Bc4 Nf6 4.Ng5 d5 5.exd5 Na5 6.d3 h6 7.Nf3 e4 8.Qe2 
Nxc4 9.dxc4 Bc5 10.Nfd2 O-O 11.Nb3 Bb4+ 12.Bd2 Bg4 13.Qe3 Bxd2+ 14.N1xd2 
b5 15.h3 bxc4 16.Nxc4 Nxd5 17.Qg3 Be6 18.O-O-O Qe8 19.Rd4 f5 20.Nc5 Nb4 
21.Ne5 Nc6 22.Nxc6 Qxc6 23.Qc3 Rad8 24.Rhd1 Rxd4 25.Qxd4 Bf7 26.g3 Re8 27.
Qe3 Qb5 28.b3 a5 29.Rd7 a4 30.Kb2 axb3 31.cxb3 Ra8 32.a4 Qc6 33.Qd4 Re8 
34.a5 Ra8 35.a6 Qb6 36.Qc3 Rb8 37.g4 f4 38.Qd4 Re8 39.Rxf7 Kxf7 40.Qd5+ 
Ke7 41.Qxe4+ Kd8 42.a7 Qxa7 43.Qd5+ Ke7 44.Qe6+ Kf8 45.Nd7# 1-0

[Event "17th Asian-ch"]
[Site "Xingtai CHN"]
[Date "2019.06.08"]
[Round "2.28"]
[White "Dai Changren"]
[Black "Wang Shixu"]
[Result "1-0"]
[WhiteElo "2480"]
[BlackElo "2392"]
[EventDate "2019.06.07"]
[PlyCount "135"]

1.Nf3 d5 2.g3 Nf6 3.Bg2 c6 4.O-O Bg4 5.h3 Bxf3 6.Bxf3 e5 7.d3 Bc5 8.Nd2 
O-O 9.e4 Nbd7 10.Qe2 Re8 11.Bg2 Qc7 12.Re1 Nf8 13.Nb3 Bb6 14.Bg5 N8d7 15.
Rad1 h6 16.Bc1 a5 17.Qf3 a4 18.Nd2 a3 19.bxa3 d4 20.Nb3 c5 21.Bf1 Ba7 22.
h4 b5 23.g4 c4 24.Nd2 c3 25.Nb3 Nh7 26.g5 hxg5 27.hxg5 Nhf8 28.Bh3 Ng6 29.
Qh5 Kf8 30.Bf5 Ke7 31.Bxg6 Rh8 32.Bh7 g6 33.Qh3 Nf8 34.Qf3 Rxh7 35.Qf6+ 
Ke8 36.Kg2 Nd7 37.Qf3 Ke7 38.Rh1 Rah8 39.Rh6 Rxh6 40.gxh6 Qd6 41.Qg3 Qe6 
42.f4 exf4 43.Bxf4 f6 44.Rh1 g5 45.Bc7 Rh7 46.Qf3 Ne5 47.Bxe5 fxe5 48.Qh5 
Qf6 49.Rf1 Rxh6 50.Rxf6 Rxh5 51.Ra6 Bb8 52.Rb6 Bc7 53.Rxb5 Rh8 54.a4 g4 
55.a5 Kd7 56.a4 Kc6 57.a6 Ra8 58.Na5+ Kd7 59.Rd5+ Kc8 60.Nc4 Rxa6 61.a5 
Rh6 62.Nxe5 Bxe5 63.Rxe5 Rh4 64.Rb5 Kc7 65.a6 Rh6 66.a7 Ra6 67.Rb4 Rxa7 
68.Rxd4 1-0

[Event "17th Asian-ch"]
[Site "Xingtai CHN"]
[Date "2019.06.08"]
[Round "2.29"]
[White "Gomez, John Paul"]
[Black "Chu Wei Chao"]
[Result "1-0"]
[WhiteElo "2467"]
[BlackElo "2374"]
[EventDate "2019.06.07"]
[PlyCount "65"]

1.Nf3 Nf6 2.c4 g6 3.Nc3 Bg7 4.e4 O-O 5.d4 d6 6.h3 c6 7.Be3 e5 8.d5 Na6 9.
g4 Bd7 10.Nd2 Rc8 11.Rc1 cxd5 12.cxd5 Nc5 13.Be2 a5 14.f3 Ne8 15.h4 f5 16.
g5 b5 17.Nxb5 Qb6 18.Bxc5 Rxc5 19.Rxc5 Qxc5 20.Qb3 Qc1+ 21.Bd1 fxe4 22.
Nxe4 a4 23.Qc3 Qf4 24.Bxa4 Bf5 25.Bc2 Bxe4 26.Bxe4 Qg3+ 27.Kd1 h6 28.Kc1 
hxg5 29.hxg5 Qg2 30.Rd1 Qxg5+ 31.Kb1 Qd8 32.a4 Qa8 33.Qc2 1-0

[Event "17th Asian-ch"]
[Site "Xingtai CHN"]
[Date "2019.06.08"]
[Round "2.30"]
[White "Chen Qi"]
[Black "Peng Hongchi"]
[Result "1/2-1/2"]
[WhiteElo "2453"]
[BlackElo "2370"]
[EventDate "2019.06.07"]
[PlyCount "35"]

1.e4 c5 2.Nf3 e6 3.d4 cxd4 4.Nxd4 Nc6 5.Nc3 Qc7 6.Be2 a6 7.Be3 Nf6 8.O-O 
b5 9.Nxc6 dxc6 10.f4 Bb7 11.a3 Be7 12.e5 Nd5 13.Nxd5 cxd5 14.Bd3 Bc5 15.
Qe1 d4 16.Bd2 Bc6 17.Qg3 f5 18.Kh1 1/2-1/2

[Event "17th Asian-ch"]
[Site "Xingtai CHN"]
[Date "2019.06.08"]
[Round "2.31"]
[White "Quizon, Daniel"]
[Black "Torre, Eugenio"]
[Result "1-0"]
[WhiteElo "2351"]
[BlackElo "2451"]
[EventDate "2019.06.07"]
[PlyCount "97"]

1.e4 e5 2.Nf3 Nc6 3.Bb5 a6 4.Ba4 Nf6 5.d3 d6 6.c3 g6 7.O-O Bg7 8.Nbd2 O-O 
9.Re1 Re8 10.Nf1 b5 11.Bc2 Bb7 12.Ng3 Nb8 13.a4 Nbd7 14.d4 c5 15.dxe5 dxe5
16.Qe2 Bc6 17.Be3 Qe7 18.b3 h6 19.Bd3 c4 20.bxc4 bxa4 21.Bc2 Nc5 22.Bxc5 
Qxc5 23.Bxa4 Nd7 24.Nf1 Bxa4 25.Rxa4 Qc6 26.Ra2 Nc5 27.N3d2 Kh7 28.Ne3 a5 
29.Nd5 a4 30.Rb1 Rab8 31.Rxb8 Rxb8 32.g3 Bf8 33.Nf3 f6 34.Nh4 Qe6 35.Kg2 
Kg7 36.f4 exf4 37.Nxf4 Qxe4+ 38.Qxe4 Nxe4 39.Rxa4 Rb2+ 40.Kf3 Ng5+ 41.Ke3 
Bc5+ 42.Kd3 f5 43.Ra5 Bg1 44.Nfxg6 Ne6 45.Nf4 Nc5+ 46.Rxc5 Bxc5 47.Ne6+ 
Kf6 48.Nxc5 Rxh2 49.Ke3 1-0

[Event "17th Asian-ch"]
[Site "Xingtai CHN"]
[Date "2019.06.08"]
[Round "2.32"]
[White "Bersamina, Paulo"]
[Black "Sankalp, Gupta"]
[Result "0-1"]
[WhiteElo "2446"]
[BlackElo "2359"]
[EventDate "2019.06.07"]
[PlyCount "60"]

1.e4 e6 2.d3 d5 3.Nd2 Nf6 4.Ngf3 Nc6 5.c3 Bd6 6.Be2 e5 7.Qc2 O-O 8.Nf1 h6 
9.h3 Be6 10.g4 Nh7 11.Ne3 dxe4 12.dxe4 Bc5 13.Nf5 Bxf5 14.gxf5 a5 15.a4 
Kh8 16.Bc4 Qe7 17.Qe2 Rad8 18.Bd2 Na7 19.O-O-O Nc8 20.Bb3 Rd6 21.Rdg1 Rb6 
22.Kc2 Nd6 23.Rg4 Rd8 24.Rhg1 Ne8 25.Bxh6 Rxh6 26.h4 Nhf6 27.Ng5 Nd6 28.
Rd1 Nxg4 29.Qxg4 Rf8 30.f4 Be3 0-1

[Event "17th Asian-ch"]
[Site "Xingtai CHN"]
[Date "2019.06.08"]
[Round "2.33"]
[White "Harshit, Raja"]
[Black "Chan Kim Yew"]
[Result "1-0"]
[WhiteElo "2437"]
[BlackElo "2293"]
[EventDate "2019.06.07"]
[PlyCount "47"]

1.e4 c5 2.Nf3 Nc6 3.d4 cxd4 4.Nxd4 Nf6 5.Nc3 d6 6.Bg5 e6 7.Qd2 a6 8.O-O-O 
Bd7 9.f4 b5 10.Bxf6 gxf6 11.Kb1 Qb6 12.Nxc6 Bxc6 13.f5 b4 14.Ne2 e5 15.Ng3
h5 16.h4 Bh6 17.Qxd6 Rd8 18.Qxd8+ Qxd8 19.Rxd8+ Kxd8 20.Bxa6 Rg8 21.Rh3 
Bf4 22.Nxh5 Rxg2 23.Rh1 Be3 24.Bd3 1-0

[Event "17th Asian-ch"]
[Site "Xingtai CHN"]
[Date "2019.06.08"]
[Round "2.34"]
[White "Song Yuxin"]
[Black "Nguyen Duc Hoa"]
[Result "1/2-1/2"]
[WhiteElo "2308"]
[BlackElo "2436"]
[EventDate "2019.06.07"]
[PlyCount "72"]

1.e4 c5 2.Nf3 d6 3.Bb5+ Bd7 4.Bxd7+ Qxd7 5.c4 g6 6.d4 cxd4 7.Nxd4 Bg7 8.
Nc3 Nc6 9.Be3 Nf6 10.f3 O-O 11.O-O e6 12.Qd2 Rfd8 13.Rfd1 Qe7 14.Qf2 a6 
15.Rac1 Rab8 16.b3 Ne5 17.h3 Rdc8 18.f4 Nc6 19.Nxc6 Rxc6 20.Bd4 Rbc8 21.e5
Ne8 22.exd6 Nxd6 23.Bxg7 Kxg7 24.Qd4+ Kg8 25.Qe5 b5 26.c5 Rxc5 27.Qxd6 
Qxd6 28.Rxd6 a5 29.Rb1 Rxc3 30.Ra6 Rd8 31.Rxa5 b4 32.Ra4 Rd2 33.Kh2 Rd4 
34.Rf1 h5 35.h4 Kg7 36.Rf2 Kf6 1/2-1/2

[Event "17th Asian-ch"]
[Site "Xingtai CHN"]
[Date "2019.06.08"]
[Round "2.35"]
[White "Laylo, Darwin"]
[Black "Bai, Adelard"]
[Result "1-0"]
[WhiteElo "2433"]
[BlackElo "2074"]
[EventDate "2019.06.07"]
[PlyCount "97"]

1.d4 d5 2.Nf3 Nf6 3.c4 c6 4.e3 Bf5 5.Nc3 e6 6.Nh4 Be4 7.f3 Bg6 8.Qb3 Qc7 
9.Bd2 Be7 10.g3 Bh5 11.Be2 dxc4 12.Qxc4 Nbd7 13.e4 O-O 14.Be3 a6 15.O-O b5
16.Qd3 c5 17.g4 Bg6 18.Nxg6 hxg6 19.e5 Nd5 20.Nxd5 exd5 21.Rac1 c4 22.Qd2 
f5 23.f4 Qc6 24.Kh1 Qe6 25.Rg1 Rfd8 26.Bf3 Nf8 27.Qg2 Qf7 28.gxf5 gxf5 29.
Bh5 g6 30.Qh3 a5 31.Bxg6 Nxg6 32.Rxg6+ Qxg6 33.Rg1 Kf7 34.Rxg6 Kxg6 35.Bf2
b4 36.Qg2+ Kf7 37.h4 Ra6 38.Qh3 Ke6 39.h5 Raa8 40.h6 Rh8 41.h7 Rac8 42.Be1
Rcf8 43.Qh6+ Kd7 44.Kg2 Rc8 45.Qg7 Ke6 46.Qg6+ Kd7 47.Qxf5+ Kc7 48.Qf7 Kd8
49.f5 1-0

[Event "17th Asian-ch"]
[Site "Xingtai CHN"]
[Date "2019.06.08"]
[Round "2.36"]
[White "Chaulagain, Purushottam"]
[Black "Battulga, Namkhai"]
[Result "0-1"]
[WhiteElo "2020"]
[BlackElo "2425"]
[EventDate "2019.06.07"]
[PlyCount "74"]

1.d4 d5 2.Bf4 Nf6 3.e3 c5 4.Nf3 Qb6 5.Nc3 c4 6.Rb1 Bf5 7.Ne5 h6 8.Be2 Nc6 
9.Nxc6 bxc6 10.O-O e6 11.f3 Be7 12.Qd2 Qa5 13.e4 dxe4 14.fxe4 Bg6 15.Rfd1 
Bb4 16.Qe3 Bxc3 17.bxc3 Bxe4 18.Rf1 Bxc2 19.Rb7 Qa6 20.Rb2 Bg6 21.Bd6 Ne4 
22.Bb4 c5 23.dxc5 O-O 24.Rf4 Qc6 25.Bxc4 a5 26.Bd3 axb4 27.cxb4 Nf6 28.Bc4
Rfc8 29.Rd4 Nd5 30.Qb3 Ne7 31.Rd6 Qe4 32.Qc3 Nd5 33.Bxd5 exd5 34.Qd2 Rd8 
35.Rxd8+ Rxd8 36.b5 Qc4 37.c6 d4 0-1

[Event "17th Asian-ch"]
[Site "Xingtai CHN"]
[Date "2019.06.09"]
[Round "3.1"]
[White "Sethuraman, Panayapan"]
[Black "Tran Tuan Minh"]
[Result "1-0"]
[WhiteElo "2613"]
[BlackElo "2526"]
[EventDate "2019.06.07"]
[PlyCount "55"]

1.e4 c5 2.Nf3 d6 3.d4 cxd4 4.Nxd4 Nf6 5.Nc3 a6 6.h3 e5 7.Nb3 Be7 8.Be3 Be6
9.Qf3 Nbd7 10.O-O-O b5 11.Nd5 Bxd5 12.exd5 Nb6 13.Kb1 O-O 14.g4 Nc4 15.Bc1
a5 16.Bd3 Qc7 17.g5 Nd7 18.Rhe1 Ndb6 19.Nd4 exd4 20.Qe4 g6 21.Qxe7 Qc5 22.
Qe4 Ne5 23.Bf1 Rfe8 24.Qxd4 Qxd4 25.Rxd4 Nbc4 26.Rdd1 Nf3 27.Rxe8+ Rxe8 
28.a4 1-0

[Event "17th Asian-ch"]
[Site "Xingtai CHN"]
[Date "2019.06.09"]
[Round "3.2"]
[White "Vishnu Prasanna, Vasanthan"]
[Black "Karthikeyan, Murali"]
[Result "0-1"]
[WhiteElo "2511"]
[BlackElo "2593"]
[EventDate "2019.06.07"]
[PlyCount "70"]

1.d4 d5 2.c4 e6 3.Nf3 Nf6 4.Nc3 Be7 5.e3 O-O 6.Bd3 Nbd7 7.O-O dxc4 8.Bxc4 
a6 9.a4 c5 10.Qe2 b6 11.Rd1 Bb7 12.d5 exd5 13.Nxd5 Nxd5 14.Bxd5 Bxd5 15.
Rxd5 Qc7 16.e4 Rfe8 17.Bf4 Qb7 18.Rd2 b5 19.axb5 axb5 20.Rad1 Nf8 21.Rd5 
Ne6 22.Be3 Bf6 23.b3 Rad8 24.Qd3 h6 25.h3 Nc7 26.Bxc5 Nxd5 27.exd5 b4 28.
d6 Rd7 29.Nd2 Re5 30.Qc4 Rd5 31.Qc2 Bc3 32.Re1 Qb8 33.Be3 R7xd6 34.Re2 Rd8
35.g3 Qc8 0-1

[Event "17th Asian-ch"]
[Site "Xingtai CHN"]
[Date "2019.06.09"]
[Round "3.4"]
[White "Praggnanandhaa, Rameshbabu"]
[Black "Le Quang Liem"]
[Result "1/2-1/2"]
[WhiteElo "2537"]
[BlackElo "2694"]
[EventDate "2019.06.07"]
[PlyCount "126"]

1.e4 c6 2.d4 d5 3.exd5 cxd5 4.Bd3 Nf6 5.c3 Bg4 6.Qb3 Qc7 7.Bg5 e6 8.Nd2 
Nc6 9.Ngf3 Bh5 10.Bh4 Bg6 11.Bg3 Bd6 12.Qc2 Rc8 13.O-O Bxg3 14.hxg3 Kf8 
15.a3 Bxd3 16.Qxd3 g6 17.Qe3 Kg7 18.a4 Nd7 19.Rfe1 h6 20.Nb3 Ne7 21.a5 Nf5
22.Qf4 Qxf4 23.gxf4 Rc7 24.Nc1 Nf6 25.Nd2 g5 26.fxg5 hxg5 27.Nd3 Rcc8 28.
g3 Ng4 29.Nf3 Rh5 30.Kg2 Rch8 31.Rh1 Rxh1 32.Rxh1 Rxh1 33.Kxh1 f6 34.Kg2 
Nd6 35.Nd2 Kf7 36.Nc5 Nh6 37.Kf3 Ke7 38.Ke2 Nhf7 39.Kd3 Nd8 40.c4 Nc6 41.
cxd5 Nb4+ 42.Ke2 Nxd5 43.Nde4 b6 44.axb6 axb6 45.Nxd6 Kxd6 46.Ne4+ Kc6 47.
Kd3 Kb5 48.b3 Kb4 49.Kc2 g4 50.Nd6 Ne7 51.Ne8 Nc6 52.d5 Nd4+ 53.Kd3 Nxb3 
54.dxe6 Nc5+ 55.Kc2 Nxe6 56.Nxf6 Kc4 57.Nxg4 Kd4 58.Kb3 Ke4 59.Nh2 Kd3 60.
Kb4 Ke2 61.f4 Kf2 62.Kb5 Kxg3 63.Kxb6 Nxf4 1/2-1/2

[Event "17th Asian-ch"]
[Site "Xingtai CHN"]
[Date "2019.06.09"]
[Round "3.8"]
[White "Chanda, Sandipan"]
[Black "Gupta, Abhijeet"]
[Result "0-1"]
[WhiteElo "2511"]
[BlackElo "2606"]
[EventDate "2019.06.07"]
[PlyCount "98"]

1.d4 Nf6 2.Nf3 g6 3.Nbd2 d5 4.b4 e5 5.dxe5 Ne4 6.Nxe4 dxe4 7.Qxd8+ Kxd8 8.
Ng5 Bxb4+ 9.Bd2 Bxd2+ 10.Kxd2 Ke7 11.Nxe4 Nc6 12.g3 Bf5 13.Bg2 Nxe5 14.Nc5
Rad8+ 15.Kc3 b6 16.Na6 c5 17.Nc7 Rd4 18.Nd5+ Ke6 19.Nf4+ Kf6 20.Nd5+ Kg7 
21.Ne3 Be6 22.f4 Nc4 23.Nxc4 Rxc4+ 24.Kb2 Bf5 25.c3 Be4 26.Bf3 Re8 27.Rhe1
b5 28.a3 a5 29.Rad1 h5 30.Rc1 a4 31.Rcd1 b4 32.cxb4 cxb4 33.axb4 Rxb4+ 34.
Kc3 Rb3+ 35.Kd4 Bxf3 36.exf3 Rxe1 37.Rxe1 Rxf3 38.Re4 a3 39.Ke5 a2 40.Ra4 
Re3+ 41.Kd4 Re2 42.h4 Rg2 43.f5 Rxg3 44.Rxa2 Rg4+ 45.Ke5 f6+ 46.Kd5 gxf5 
47.Rh2 Kf7 48.Rh1 Ra4 49.Rf1 f4 0-1

[Event "17th Asian-ch"]
[Site "Xingtai CHN"]
[Date "2019.06.09"]
[Round "3.9"]
[White "Nihal, Sarin"]
[Black "Karthik, Venkataraman"]
[Result "1/2-1/2"]
[WhiteElo "2606"]
[BlackElo "2499"]
[EventDate "2019.06.07"]
[PlyCount "68"]

1.d4 Nf6 2.c4 e6 3.Nf3 Bb4+ 4.Bd2 c5 5.Bxb4 cxb4 6.g3 b6 7.Bg2 Bb7 8.O-O 
a5 9.a3 Na6 10.Nbd2 O-O 11.Ne5 Bxg2 12.Kxg2 Qc7 13.e3 d6 14.Nd3 bxa3 15.
bxa3 e5 16.Qb3 Nb8 17.a4 Nbd7 18.Rac1 Rfe8 19.Kg1 Rac8 20.Rfe1 h6 21.Qb5 
Re7 22.h3 Ree8 23.Qb3 Nf8 24.c5 bxc5 25.dxe5 dxe5 26.Nxc5 Red8 27.Qb2 Qe7 
28.Nce4 Nxe4 29.Nxe4 Rb8 30.Qa2 Qb4 31.Nc3 Qb3 32.Qxb3 Rxb3 33.Ne4 Rb4 34.
Nc5 Ng6 1/2-1/2

[Event "17th Asian-ch"]
[Site "Xingtai CHN"]
[Date "2019.06.09"]
[Round "3.10"]
[White "Xu Yi"]
[Black "Aravindh, Chithambaram"]
[Result "0-1"]
[WhiteElo "2526"]
[BlackElo "2598"]
[EventDate "2019.06.07"]
[PlyCount "96"]

1.e4 c5 2.Nf3 Nc6 3.Bb5 e6 4.Bxc6 bxc6 5.d3 Ne7 6.h4 h5 7.e5 f6 8.Nbd2 
fxe5 9.Nxe5 d6 10.Nec4 Nf5 11.Nf3 e5 12.Bg5 Be7 13.c3 Rb8 14.Qe2 O-O 15.
O-O-O Bf6 16.Nfd2 Rb7 17.Ne4 d5 18.Bxf6 gxf6 19.Nxc5 Rg7 20.Ne3 Qa5 21.b4 
Qa3+ 22.Qb2 Qxb2+ 23.Kxb2 Nxe3 24.fxe3 Rxg2+ 25.Kb3 Kf7 26.a4 Ke7 27.e4 
Rfg8 28.d4 dxe4 29.dxe5 f5 30.Rd6 Rg1 31.Rh2 e3 32.Rxc6 f4 33.Rc7+ Kd8 34.
Rf7 Rf1 35.Re2 Ke8 36.Rf6 Rf8 37.Rxf8+ Kxf8 38.e6 Ke7 39.Kc4 Rd1 40.b5 f3 
41.Rxe3 f2 42.Rf3 f1=Q+ 43.Rxf1 Rxf1 44.Kd5 Rf4 45.a5 Rxh4 46.a6 Rh1 47.
Kc6 Rb1 48.Nd3 Bxe6 0-1